LEADER 02158nam 2200457Ia 450 001 996389252403316 005 20210104171810.0 035 $a(CKB)4940000000095822 035 $a(EEBO)2240928187 035 $a(OCoLC)ocn838153905e 035 $a(OCoLC)838153905 035 $a(EXLCZ)994940000000095822 100 $a20130411d1601 uy 0 101 0 $aeng 135 $aurbn||||a|bb| 200 14$aThe booke of five collvmnes of architectvre, called Tusca, Ionica, Corinthia & Composita$b[electronic resource] $eDrawne and counterfeited after the right semetry and cunning measure of free masons: gathered with great diligence by Hans Bloome out of antiquityes, for the benefit of free-masons, carpenters, goldsmithes, painters, caruers, in-layers, anticke-cutters, and all others that delight to practice with the compasse and squire. /$fTranslated out of Latine into English by I. T 210 $a[London] $cPrinted for Hans VVoutneel, and are to be solde at his house in Paules Church yard.$d1601 215 $a[6+] p. $cill 300 $aI.T. = I. Thorpe? Cf. STC (2nd ed.). 300 $aPlace of publication suggested by STC (2nd ed.). 300 $aIncludes Tusca, Ionica only. Cf. STC (2nd ed.). 300 $aTitle within ornamental border; printer's ornament on t.p.; headpiece, initials. 300 $aReproduction of original in: Worcester College (University of Oxford). Library. 330 $aeebo-0121 606 $aArchitecture$xOrders$vEarly works to 1800 606 $aArchitecture, Renaissance$zEngland$vEarly works to 1800 606 $aColumns$vEarly works to 1800 608 $aBorders (Type evidence)$zEngland$zLondon$y1601.$2rbtyp 615 0$aArchitecture$xOrders 615 0$aArchitecture, Renaissance 615 0$aColumns 700 $aBlum$b Hans$ffl. 1567.$01002827 702 $aWoutneel$b Hans 702 $aI. T$ffl. 1608, 702 $aThorpe$b John$f1564 or 5-1655, 801 0$bUMI 801 1$bUMI 906 $aBOOK 912 $a996389252403316 996 $aThe booke of five collvmnes of architectvre, called Tusca, Ionica, Corinthia & Composita$92329271 997 $aUNISA LEADER 02092nam0 22004333i 450 001 VAN0184424 005 20230612024759.583 017 70$2N$a9783319591834 100 $a20210716d2017 |0itac50 ba 101 $aeng 102 $aCH 105 $a|||| ||||| 200 1 $aDisc winds matter$eModelling accretion and outflows on all scales$eDoctoral Thesis accepted by University of Southampton, Southampton, UK$fJames Matthews 210 $aCham$cSpringer$d2017 215 $axxxviii, 210 p.$cill.$d24 cm 410 1$1001VAN0104193$12001 $aSpringer theses$erecognizing outstanding Ph.D. research$1210 $aBerlin$cSpringer$d2010- 500 1$3VAN0184425$aDisc winds matter$92587105 606 $a00A79 (77-XX)$xPhysics [MSC 2020]$3VANC023182$2MF 606 $a85-XX$xAstronomy and Astrophysics [MSC 2020]$3VANC023246$2MF 606 $a85A25$xRadiative transfer in astronomy and astrophysics [MSC 2020]$3VANC025509$2MF 606 $a85A30$xHydrodynamic and hydromagnetic problems in astronomy and astrophysics [MSC 2020]$3VANC033771$2MF 610 $aAccreting White Dwarfs$9KW:K 610 $aAccretion Disc Winds$9KW:K 610 $aAstrophysical Outflows$9KW:K 610 $aCataclysmic Variables$9KW:K 610 $aComputational astrophysics$9KW:K 610 $aQuasars and Active Galactic Nuclei$9KW:K 610 $aRadiative Transfer in Accretions Disks and Winds$9KW:K 620 $aCH$dCham$3VANL001889 700 1$aMatthews$bJames$castrofisico$3VANV165068$0819536 712 $aSpringer $3VANV108073$4650 801 $aIT$bSOL$c20240614$gRICA 856 4 $uhttp://doi.org/10.1007/978-3-319-59183-4$zE-book ? Accesso al full-text attraverso riconoscimento IP di Ateneo, proxy e/o Shibboleth 899 $aBIBLIOTECA DEL DIPARTIMENTO DI MATEMATICA E FISICA$1IT-CE0120$2VAN08 912 $fN 912 $aVAN0184424 950 $aBIBLIOTECA DEL DIPARTIMENTO DI MATEMATICA E FISICA$d08CONS e-book 3085 $e08eMF3085 20210716 996 $aDisc winds matter$92587105 997 $aUNICAMPANIA